Statistiques concernant 12 mois en 15 secondes

Cliquez ici pour prendre le quiz!

Statistiques générales

  • Ce quiz a été pris 45 fois
  • Le résultat moyen est 9 sur 12

Statistiques - réponses

Mois% Correct
Février
100%
Janvier
100%
Juin
100%
Mai
100%
Avril
90%
Juillet
90%
Mars
90%
Août
80%
Octobre
40%
Décembre
30%
Novembre
30%
Septembre
20%

Distribution des résultats

Percentile par nombre de réponses

% des personnes avec chaque résultat

Votre développement - résultats

Vous n’avez pas pris ce quiz